| 000 | 00890nac a22002657a 4500 | ||
|---|---|---|---|
| 001 | BR7801167 | ||
| 003 | BR-BrBNA | ||
| 005 | 20240105114213.0 | ||
| 008 | 230509b bl.|||m| |||| 00| 0 por d | ||
| 040 |
_aBR-BrBNA _bpor _cBiblioteca Nacional de Agricultura |
||
| 072 | _aE15 | ||
| 090 | _aE15 BR7801167 | ||
| 110 | 1 |
_aComissao de Planejamento Agricola de Rondonia, Porto Velho (Brasil) _91997 |
|
| 245 | 1 | _aPlano para aplicacao do credito rural PESAC/RO-1977/78 [Rondonia; Brasil] | |
| 260 | 3 |
_aPorto Velho, RO (Brasil): _c1977. |
|
| 300 | _a52 p. | ||
| 490 |
_aPlano para Aplicacao do Credito Rural - Comissao de Planejamento Agricola de Rondonia (Brazil) _v _x |
||
| 500 | _a10 tables | ||
| 650 | _aMicroeconomia | ||
| 650 | _aCredito rural | ||
| 650 | _aPolitica agricola | ||
| 650 | _aRondonia | ||
| 909 |
_a202312 _bLúcia Elande _c55 _dLúcia Elande |
||
| 942 |
_2AGRIS _n0 _cMS |
||
| 999 |
_c267992 _d267992 |
||